| 000 | 00865cam a2200181 4500 | ||
|---|---|---|---|
| 001 | ABS65990 | ||
| 008 | 020925n2002 000 0 eng u | ||
| 035 | _a(Sirsi) u119857 | ||
| 100 | _aMcIntosh, S | ||
| 245 | _aAre retailers delivering the regeneration goods? | ||
| 260 | _c2002 | ||
| 490 |
_aRegeneration and Renewal _v2 August 2002, 16-17(2) |
||
| 520 | _aLooks at how policy-makers can make a difference to the retail decline in poor areas. Suggests some ways to achieve this by concentrating on providing shop sizes that are appropriate to the market, promoting of a quality environment, increased footfall through the location of social and community facilities, often in vacant units and development of marketing strategies to maximise stores' catchment areas. | ||
| 590 | _aABS | ||
| 650 | _aRETAIL PLANNING | ||
| 690 | _aREGENERATION | ||
| 942 | _n0 | ||
| 999 |
_c71236 _d71236 |
||